Đang tải...

The Assault

Chi tiết về thư mục
Tác giả chính: Arenas,Reinaldo
Tác giả khác: Hurley,Andrew(Tr.)
Định dạng: Printed Book
Được phát hành: Newyork Penguin books 2001
Phiên bản:1st ed.
Những chủ đề:
LEADER 00569nam a22001697a 4500
999 |c 290960  |d 290960 
020 |a 9780140157185 
082 |a 863  |b ARE/A 
100 |a Arenas,Reinaldo 
245 |a The Assault 
250 |a 1st ed. 
260 |a Newyork  |b Penguin books  |c 2001 
300 |a 145p. 
650 |a Cuban fictiion: English translation 
700 |a Hurley,Andrew(Tr.) 
942 |c BK 
952 |0 0  |1 0  |4 0  |6 863_000000000000000_ARE_A  |7 0  |8 FIC  |9 309535  |a RUS  |b RUS  |c GEN  |d 2020-06-02  |l 0  |o 863 ARE/A  |p RUS15307  |r 2020-06-02  |w 2020-06-02  |x MBC 3000/08 dt:18/3/2009  |y BK  |x MBC 3000/08 dt:18/3/2009